| 000 | 00881nam a22002177a 4500 | ||
|---|---|---|---|
| 005 | 20170124105945.0 | ||
| 010 | _aA-760949 | ||
| 020 |
_c00.00 _a8186142681 |
||
| 037 | _bCen Lib/Ret | ||
| 040 |
_aDPL _bEN |
||
| 082 |
_a220.21 _bMAC |
||
| 100 |
_aMacdonell, Arthur Anthony _973759 |
||
| 245 | r |
_aA vedic reader for students : _cby Arthur Anthony Macdonell _bcontaining thirty hymns on the rigveda in the original samhita and pada texts with transliteration, translation,explanatory ,notes ,introduction, vocabulary / |
|
| 260 |
_bLow Price Publications _aDelhi _c1995 |
||
| 270 |
_aA-6,Nimri community center Ashok Vihar _b Delhi _e110052 |
||
| 300 |
_axxxi,263p. _c21m(Hb) |
||
| 500 | _aIncludes bibliographical references and index. | ||
| 650 |
_aVedic language -- Readers. _973760 |
||
| 650 |
_aVedic language _973761 |
||
| 942 |
_2ddc _cEN _h220.21 _mMAC |
||
| 999 |
_c124835 _d124835 |
||